00578nam a2200169 a 450000100100000000500170001000800410002702000150006804000250008308200160010810000210012424500660014526000390021130000260025095201150027699900170039100003609120200930074852.0111207s1996 xxu 000 0 spa d a0887307647 aDO-SdBNPbspacBNPHU axxxxbR559f1 aRies, Al.96212810aFocus :bthe future of your company depends on it /cAl Ries. aNew York :bHaper Business,c1996. axii, 304 p. ;c24 cm. 0010507-18MOaGRbGRcOId2011-12-07iLF1l0oxxxx R559fp36091-10r2020-06-25w2020-06-25y1ZNo se presta c35582d35582